Tractat de teoria de la música / per M. Davalillo ...
Descripción Física:
52 p. : il., anotacions musicals ; 22 cm
Materias:
Música
MARC
| LEADER | 00000nam a2200000Ia 4500 | ||
|---|---|---|---|
| 001 | 8190 | ||
| 008 | 160829s9999 xx 000 0 cat d | ||
| 080 | |a B-1-365 | ||
| 100 | |a Davalillo, M. |9 20159 | ||
| 245 | |a Tractat de teoria de la música / per M. Davalillo ... | ||
| 260 | |a Barcelona : |b Musicografia Wagner, [1911?] | ||
| 300 | |a 52 p. : |b il., anotacions musicals ; |c 22 cm | ||
| 650 | |a Música |9 20160 | ||
| 901 | |a Arxiu | ||
| 942 | |n 1 | ||
| 952 | |0 0 |1 0 |4 0 |6 B1365 |7 1 |9 41467 |a Arxiu |b Arxiu |d 2016-12-01 |l 0 |o B-1-365 |p 8190 |r 2016-12-01 00:00:00 |w 2016-12-01 |y ARXIU | ||
| 999 | |c 43275 |d 43275 | ||